000
002860000a22001330004500
005
20120302065045.0
942
_c
BOOK
100
_a
Kanade, Mu. shree.
245
_a
Kalche Natakkar
260
_a
Su.De.Joshi, Di.Da.Lokhande
300
_a
217p
040
_a
Mar
650
_a
Natakkar
999
_c
363783
_d
363780